=LDR 00000nam 2200000 4500 =001 INLIS000000000019403 =005 20130612114452 =008 ***********************************Ind** =035 ##$$0010-061300000019403 =041 ##$$a Ind =082 ##$$a 639.4 =090 ##$$a 639.4, Sud t =100 ##$$a Sudirman, H =245 ##$$a Teknik penangkaran ikan, Ir. H. Sudirman, M. Pi =260 ##$$a 2004 $b Jakarta =300 ##$$a ix, 168 hlm, ilus, 2004 =650 ##$$a Ikan, penangkapan =850 ##$$a NBPNMAT